MARC

LEADER 00000nam0a2200000 4500
001 110902
005 20231031120615.0
035 |a (RuTPU)RU\TPU\book\119764 
090 |a 110902 
100 |a 20070303d1973 m y0rusy50 ca 
101 0 |a rus 
102 |a RU 
105 |a a j 001zy 
200 1 |a Радиочастотные кабели  |e учебное пособие  |f Н. И. Белоруссов, И. И. Гроднев 
205 |a 3-е изд., перераб. 
210 |a Москва  |c Энергия  |d 1973 
215 |a 328 с.  |c ил. 
320 |a Библиогр.: с. 321. 
320 |a Алфавитный указатель: с. 322-325. 
610 1 |a радиочастотные кабели 
610 1 |a конструкции 
610 1 |a характеристики 
610 1 |a соединители 
610 1 |a материалы 
610 1 |a производство 
610 1 |a измерения 
610 1 |a испытания 
610 1 |a учебные пособия 
675 |a 621.39.052(075.3)  |v 3 
700 1 |a Белоруссов  |b Н. И.  |g Николай Иванович 
701 1 |a Гроднев  |b И. И.  |g Игорь Измайлович 
801 1 |a RU  |b 63413507  |c 20070303  |g PSBO 
801 2 |a RU  |b 63413507  |c 20130827  |g PSBO 
942 |c BK